| 000 | 00900nas a2200289 4500 | ||
|---|---|---|---|
| 001 | BR2015003030 | ||
| 003 | BR-BrBNA | ||
| 005 | 20231205125341.0 | ||
| 007 | ta | ||
| 008 | 230509b bl.|||p| |||| 00| 00por d | ||
| 040 |
_aBR-BrBNA _bpor _cBiblioteca Nacional de Agricultura |
||
| 041 | _a(En) | ||
| 072 | _aH20; F30 | ||
| 100 | 1 | _aMarcuzzo, L.L. | |
| 100 | 1 | _aDuarte, T.S. | |
| 100 | 1 | _aHilleshein, P.C. | |
| 100 | 1 | _aScheidt, B.T. | |
| 245 | 1 | _aReaction of beet genotypes to the beet spot in the upper Valley of Itajaí, Santa Catarina state, Brazil) | |
| 650 | _aBETERRABA | ||
| 650 | _aDOENÇA DE PLANTA | ||
| 650 | _aCERCOSPORIOSE | ||
| 650 | _aVARIEDADE RESISTENTE | ||
| 650 | _aGENÓTIPO | ||
| 773 | 0 |
_tHorticultura Brasileira (Brazil) _xISSN 0102-0536 _g(Jan-Mar 2015), v. 33(1) p. 106-109 _wBR2015003030 |
|
| 909 |
_a202311 _bLúcia _c55 _dLúcia Elande |
||
| 942 |
_2AGRIS _n0 _cANA |
||
| 999 |
_c243926 _d243926 |
||